| 000 | 00728nam a22002057a 4500 | ||
|---|---|---|---|
| 999 |
_c5935 _d5935 |
||
| 003 | AR-CdUCM | ||
| 008 | 190313b ||||| |||| 00| 0 spa d | ||
| 040 |
_aMUNICIPALIDAD PROVINCIAL DEL CUSCO _cBIBLIOTECA MUNICIPAL DEL CUSCO |
||
| 082 |
_a813.08 / _bAN62 |
||
| 110 |
_aInstituto Latinoamericano de Vinculación Cultural _914050 |
||
| 245 | _aAntología del Cuento Norteamericano Clásico / | ||
| 260 |
_aLima : _bVillanueva ; _c1964. |
||
| 300 |
_a261 páginas ; _c21cm |
||
| 500 | _aColaboración de la familia Nieto | ||
| 505 | _aContenido: Cuentos | ||
| 650 |
_aCuentos norteamericanos _92724 |
||
| 700 |
_aEsacajadillo, Tomas Gustavo (introducción, selección y notas) _917446 |
||
| 942 |
_2ddc _cLIBROS |
||
| 945 | _anom | ||